Squadra dell'anno UEFA 2004 - Statistics

Statistiche generali
  • Questo quiz è stato fatto 8 volte
  • Il punteggio medio è 9 su 11
Statistiche sulle risposte
Ruolo Nazione Squadra Giocatore % Corretto
Difensore Italia Milan Alessandro Nesta
100%
Attaccante Ucraina Milan Andrij Shevchenko
100%
Difensore Brasile Milan Cafu
100%
Centrocampista Portogallo Manchester Utd Cristiano Ronaldo
100%
Portiere Italia Juventus Gianluigi Buffon
100%
Centrocampista Repubblica Ceca Juventus Pavel Nedvěd
100%
Attaccante Francia Arsenal Thierry Henry
100%
Difensore Portogallo Porto / Chelsea Ricardo Carvalho
71%
Centrocampista Brasile Barcellona Ronaldinho
57%
Difensore Inghilterra Arsenal Ashley Cole
29%
Centrocampista Portogallo Porto Maniche
29%
Nessun quiz corrispondente trovato
Distribuzione punteggi
Percentuale di utenti per punteggio
Percentile per numero di risposta
I tuoi punteggi nel tempo
Non hai fatto questo quiz